El principito ; el flautista de hammelin /
Guardado en:
| Autor Principal: | |
|---|---|
| Formato: | Libro |
| Publicado: |
Buenos Aires :
Página 12,
2000
|
| Materias: | |
| Etiquetas: |
Agregar Etiqueta
Sin Etiquetas, Sea el primero en etiquetar este registro!
|
| LEADER | 00454nam a22001575a 4500 | ||
|---|---|---|---|
| 001 | CEM.cems010552 | ||
| 005 | 20060214000000.0 | ||
| 008 | 130507s2000##################000#0#####d | ||
| 003 | CEMS | ||
| 082 | 0 | 4 | |a CD800 |
| 100 | 1 | |a González Gil, Manuel | |
| 245 | 1 | 0 | |a El principito ; el flautista de hammelin / |
| 260 | |a Buenos Aires : |b Página 12, |c 2000 | ||
| 653 | |a Cd-rom-software | ||
| 653 | |a Literatura | ||
| 859 | |a CEMS |b BIB. CEMS - 11 de abril |h CD800 |i G589 |p 1781.44 |t Ej.1 | ||
